[Event "GER-chT U16"]
[Site "Willingen"]
[Date "2021.06.24"]
[Round "1.7"]
[White "Geltz, Noah"]
[Black "Stockmann, Till"]
[Result "1/2-1/2"]
[WhiteElo "2087"]
[BlackElo "1965"]
[PlyCount "80"]
[EventDate "2021.06.23"]
[EventType "team-swiss"]
[EventRounds "7"]
[EventCountry "GER"]
[SourceTitle "CBM 203 Extra"]
[Source "ChessBase"]
[SourceDate "2021.09.30"]
[SourceVersion "1"]
[SourceVersionDate "2021.09.30"]
[SourceQuality "1"]
[WhiteTeam "Biberach"]
[BlackTeam "Magdeburg Schachzwerge"]
[WhiteTeamCountry "GER"]
[BlackTeamCountry "GER"]

1. e4 c5 2. Nc3 Nc6 3. Bb5 Nd4 4. Nf3 Nxb5 5. Nxb5 g6 6. d4 Bg7 7. 0-0 cxd4 8. e5 Nh6 9. Bxh6 Bxh6 10. Qxd4 0-0 11. Rfd1 b6 12. c4 a6 13. Nc3 Bg7 14. Nd5 Rb8 15. Rd3 d6 16. Qh4 f6 17. exf6 Bxf6 18. Ng5 h5 19. Re1 Bf5 20. Rde3 e5 21. Nxf6+ Qxf6 22. Rd1 b5 23. cxb5 Rxb5 24. b3 d5 25. Nf3 Qxh4 26. Nxh4 d4 27. Re2 Rc8 28. Nxf5 gxf5 29. f4 Rd5 30. Rxe5 Rxe5 31. fxe5 Rd8 32. e6 Kf8 33. Kf2 Ke7 34. Ke2 Kxe6 35. Kd3 Rg8 36. g3 h4 37. gxh4 Rh8 38. Re1+ Kf6 39. b4 Rxh4 40. Re2 Kg5 1/2-1/2

[Event "GER-chT U14"]
[Site "Magdeburg"]
[Date "2019.12.29"]
[Round "5.2"]
[White "Sabirov, Rafael"]
[Black "Stockmann, Till"]
[Result "0-1"]
[WhiteElo "1668"]
[BlackElo "1894"]
[PlyCount "96"]
[EventDate "2019.12.27"]
[EventType "team-swiss"]
[EventRounds "7"]
[EventCountry "GER"]
[SourceTitle "CBM 194 Extra"]
[Source "ChessBase"]
[SourceDate "2020.03.31"]
[SourceVersion "1"]
[SourceVersionDate "2020.03.31"]
[SourceQuality "1"]
[WhiteTeam "Porz SG"]
[BlackTeam "Magdeburg Schachzwerge"]
[WhiteTeamCountry "GER"]
[BlackTeamCountry "GER"]

1. e4 c5 2. Nf3 e6 3. d4 cxd4 4. Nxd4 a6 5. Nc3 Qc7 6. Bd3 Nf6 7. f4 d6 8. Nf3 Nbd7 9. Qe2 b5 10. a3 Bb7 11. 0-0 Be7 12. Bd2 0-0 13. Kh1 Nc5 14. Rac1 Rfd8 15. b4 Ncd7 16. Nd1 d5 17. exd5 Nxd5 18. f5 exf5 19. c4 bxc4 20. Bxc4 Qd6 21. Ne3 Nxe3 22. Bxe3 Bf6 23. Ng5 Bxg5 24. Bxg5 Re8 25. Qa2 Qg6 26. Bf4 Rac8 27. Bb3 Nf6 28. Rxc8 Rxc8 29. Rd1 Bc6 30. Be6 Re8 31. Bc4 Ne4 32. Rf1 Bb7 33. Qc2 Rc8 34. Qe2 Nc3 35. Qd2 Bxg2+ 36. Qxg2 Qxg2+ 37. Kxg2 Rxc4 38. Bg3 Nd5 39. Re1 f6 40. Bd6 Rc2+ 41. Kf3 Ra2 42. b5 axb5 43. Rb1 Nc3 44. Rb3 Ne4 45. Bb4 Rxh2 46. Kf4 Rh4+ 47. Kxf5 Kf7 48. Re3 g6# 0-1

[Event "Sachsen-Anhalt Verbandsliga 1920"]
[Site "Sachsen Anhalt"]
[Date "2019.12.08"]
[Round "4.1"]
[White "Stockmann, Till"]
[Black "Post, Hugo"]
[Result "1/2-1/2"]
[WhiteElo "1955"]
[BlackElo "2154"]
[PlyCount "74"]
[EventDate "2019.09.29"]
[EventType "team-tourn"]
[EventRounds "9"]
[EventCountry "GER"]
[SourceTitle "EXT 2023"]
[Source "ChessBase"]
[SourceDate "2022.10.05"]
[SourceVersion "1"]
[SourceVersionDate "2022.10.05"]
[SourceQuality "1"]
[WhiteTeam "Graefenhainichen"]
[BlackTeam "Reideburg 90 Halle"]
[WhiteTeamCountry "GER"]
[BlackTeamCountry "GER"]

1. e4 c5 2. Nf3 d6 3. d4 cxd4 4. Nxd4 Nf6 5. Nc3 a6 6. Be3 e6 7. Be2 Qc7 8. f4 b5 9. a3 Bb7 10. Bf3 Nbd7 11. Qe2 Rc8 12. g4 Nc5 13. Bf2 e5 14. Nd5 Qd8 15. Nf5 g6 16. Bh4 Ncd7 17. fxe5 dxe5 18. Nfe3 Be7 19. Nxe7 Qxe7 20. 0-0-0 Qc5 21. Nd5 Bxd5 22. exd5 0-0 23. Rd2 e4 24. Bg2 Rfe8 25. d6 b4 26. axb4 Qxb4 27. Bxf6 Nxf6 28. d7 Nxd7 29. Rxd7 Qa4 30. Qd1 e3 31. c3 Rxc3+ 32. bxc3 Qa1+ 33. Kc2 Qa2+ 34. Kd3 Qxg2 35. Re1 Qe4+ 36. Ke2 Qg2+ 37. Kd3 Qe4+ 1/2-1/2

[Event "Sachsen-Anhalt Verbandsliga 1920"]
[Site "Sachsen Anhalt"]
[Date "2019.10.20"]
[Round "2.1"]
[White "Stockmann, Till"]
[Black "Tobiska, Jens"]
[Result "1/2-1/2"]
[WhiteElo "1955"]
[BlackElo "2200"]
[PlyCount "117"]
[EventDate "2019.09.29"]
[EventType "team-tourn"]
[EventRounds "9"]
[EventCountry "GER"]
[SourceTitle "EXT 2023"]
[Source "ChessBase"]
[SourceDate "2022.10.05"]
[SourceVersion "1"]
[SourceVersionDate "2022.10.05"]
[SourceQuality "1"]
[WhiteTeam "Graefenhainichen"]
[BlackTeam "Magdeburg USC"]
[WhiteTeamCountry "GER"]
[BlackTeamCountry "GER"]

1. e4 c5 2. Nf3 d6 3. d4 cxd4 4. Nxd4 Nf6 5. Nc3 a6 6. Be3 Ng4 7. Bg5 h6 8. Bh4 g5 9. Bg3 Bg7 10. h3 Ne5 11. f3 Nbc6 12. Bf2 b5 13. Qd2 Be6 14. 0-0-0 Rc8 15. Nd5 Nc4 16. Bxc4 bxc4 17. c3 Ne5 18. Nxe6 fxe6 19. Ne3 Qa5 20. Kb1 Rb8 21. Rc1 0-0 22. Bg3 Qb5 23. Bxe5 Bxe5 24. Qe2 Rb7 25. Rc2 Bf4 26. h4 Rc8 27. hxg5 Qxg5 28. Ng4 h5 29. Nf2 Rb5 30. g4 Qh6 31. gxh5 Rxh5 32. Rg1+ Kf7 33. Ng4 Qh7 34. Qd1 Rh8 35. Ka1 Rh1 36. Rcg2 Qh3 37. Rxh1 Qxh1 38. Rg1 Qh3 39. Qd4 Rh7 40. Qf2 Ke8 41. Qa7 Kf7 42. Qf2 Qh4 43. Qe2 Qg3 44. Qf1 Qh3 45. Qe2 d5 46. Re1 Bg3 47. Rd1 Rh5 48. a3 dxe4 49. Qxe4 Qg2 50. Ka2 Bd6 51. Rxd6 exd6 52. Qf4+ Rf5 53. Nh6+ Ke7 54. Nxf5+ exf5 55. Qxf5 Qe2 56. f4 Qe6 57. Qh7+ Kf6 58. Qh6+ Kf5 59. Qh3+ 1/2-1/2

[Event "EU-ch U14"]
[Site "Bratislava"]
[Date "2019.08.02"]
[Round "1"]
[White "Norkeliunas, Matas"]
[Black "Stockmann, Till"]
[Result "0-1"]
[WhiteElo "1477"]
[BlackElo "1975"]
[PlyCount "98"]
[EventDate "2019.08.02"]
[EventType "swiss"]
[EventRounds "9"]
[EventCountry "SVK"]
[SourceTitle "EXT 2020"]
[Source "ChessBase"]
[SourceDate "2019.10.17"]
[SourceVersion "1"]
[SourceVersionDate "2019.10.17"]
[SourceQuality "1"]

1. b4 Nf6 2. Bb2 e6 3. a3 c5 4. bxc5 Bxc5 5. e3 d5 6. Nf3 0-0 7. d4 Bd6 8. Bd3 b6 9. 0-0 Ba6 10. Bxa6 Nxa6 11. Qd3 Nc7 12. Nc3 Rc8 13. Rad1 Nce8 14. Nb5 Bb8 15. Ne5 a6 16. Nc3 b5 17. e4 dxe4 18. Nxe4 Nxe4 19. Qxe4 Nd6 20. Qf3 Rxc2 21. Bc3 Qc7 22. Nc6 Rxc3 23. Qxc3 Ne4 24. Ne7+ Qxe7 25. Qe3 Nd6 26. a4 Nf5 27. Qe2 Qd6 28. g3 Nxd4 29. Qe4 Ba7 30. axb5 axb5 31. Qb7 Qb6 32. Qxb6 Bxb6 33. Rd3 Rb8 34. Rfd1 e5 35. Kg2 b4 36. f4 f6 37. fxe5 fxe5 38. Re3 Nc2 39. Rxe5 Ne3+ 40. Rxe3 Bxe3 41. Kf3 Bg5 42. Rb1 b3 43. Kg4 Bd2 44. Rb2 Bc1 45. Rb1 b2 46. Kh5 Ra8 47. h4 g6+ 48. Kg4 Ra4+ 49. Kf3 Ra1 0-1

[Event "GER-chT U14"]
[Site "Magdeburg"]
[Date "2018.12.29"]
[Round "6.2"]
[White "Stockmann, Till"]
[Black "Afonso, Nils"]
[Result "0-1"]
[WhiteElo "1856"]
[BlackElo "2012"]
[PlyCount "105"]
[EventDate "2018.12.27"]
[EventType "team-swiss"]
[EventRounds "7"]
[EventCountry "GER"]
[SourceTitle "CBM 188 Extra"]
[Source "ChessBase"]
[SourceDate "2019.02.26"]
[SourceVersion "1"]
[SourceVersionDate "2019.02.26"]
[SourceQuality "1"]
[WhiteTeam "Magdeburg Schachzwerge"]
[BlackTeam "Kornwestheim"]
[WhiteTeamCountry "GER"]
[BlackTeamCountry "GER"]

1. e4 c5 2. Nf3 Nc6 3. d4 cxd4 4. Nxd4 g6 5. c4 Bg7 6. Be3 Nf6 7. Nc3 0-0 8. Be2 d6 9. 0-0 Bd7 10. h3 Ne8 11. Rc1 Nc7 12. Nc2 Ne6 13. Qd2 Rc8 14. Bh6 Qa5 15. Bxg7 Kxg7 16. Rfd1 Ne5 17. Ne3 Nf4 18. Nf5+ gxf5 19. Qxf4 Ng6 20. Qe3 fxe4 21. Qxe4 Qg5 22. Kh1 Nf4 23. Nd5 Nxd5 24. Qxd5 Qf6 25. Qd4 Rc5 26. Bf3 Bc6 27. Bxc6 bxc6 28. b4 Rf5 29. Kg1 Qxd4 30. Rxd4 Rb8 31. a3 a5 32. Rb1 axb4 33. axb4 Ra5 34. Re1 Ra7 35. c5 d5 36. Rg4+ Kf6 37. Rf4+ Kg6 38. Re3 f6 39. Rg3+ Kf7 40. Rfg4 Ke6 41. Rh4 Ra1+ 42. Kh2 Re1 43. Rgg4 Rh8 44. Rg3 Re4 45. Rxe4+ dxe4 46. Re3 Ke5 47. f3 f5 48. fxe4 fxe4 49. Kg3 Rf8 50. Re1 Kd4 51. Re2 e3 52. Ra2 e5 53. Rb2 0-1

[Event "GER-chT U14"]
[Site "Magdeburg"]
[Date "2018.12.27"]
[Round "2.1"]
[White "Liebold, Aaron"]
[Black "Stockmann, Till"]
[Result "0-1"]
[WhiteElo "1892"]
[BlackElo "1856"]
[PlyCount "32"]
[EventDate "2018.12.27"]
[EventType "team-swiss"]
[EventRounds "7"]
[EventCountry "GER"]
[SourceTitle "CBM 188 Extra"]
[Source "ChessBase"]
[SourceDate "2019.02.26"]
[SourceVersion "1"]
[SourceVersionDate "2019.02.26"]
[SourceQuality "1"]
[WhiteTeam "Gera"]
[BlackTeam "Magdeburg Schachzwerge"]
[WhiteTeamCountry "GER"]
[BlackTeamCountry "GER"]

1. e4 c5 2. Nf3 d6 3. d4 cxd4 4. Nxd4 Nf6 5. Nc3 g6 6. Be3 Bg7 7. Be2 0-0 8. 0-0 Nc6 9. f3 d5 10. exd5 Nxd5 11. Nxd5 Qxd5 12. Nxc6 Qxc6 13. c3 Be6 14. Qc2 Bxa2 15. Kf2 Be6 16. Bxa7 Rxa7 0-1

[Event "Sachsen-Anhalt Verbandsliga 18/19"]
[Site "Sachsen Anhalt"]
[Date "2018.10.21"]
[Round "1.3"]
[White "Timoschenko, Enrico"]
[Black "Stockmann, Till"]
[Result "1-0"]
[WhiteElo "2144"]
[BlackElo "1831"]
[PlyCount "61"]
[EventDate "2018.10.21"]
[EventType "team-tourn"]
[EventRounds "9"]
[EventCountry "GER"]
[SourceTitle "EXT 2022"]
[Source "ChessBase"]
[SourceDate "2021.10.06"]
[SourceVersion "1"]
[SourceVersionDate "2021.10.06"]
[SourceQuality "1"]
[WhiteTeam "Magdeburg USC"]
[BlackTeam "Graefenhainichen"]
[WhiteTeamCountry "GER"]
[BlackTeamCountry "GER"]

1. e4 c5 2. Nc3 Nc6 3. g3 g6 4. Bg2 Bg7 5. Nh3 e6 6. 0-0 Nge7 7. d3 0-0 8. Bd2 b6 9. f4 d5 10. e5 Ba6 11. Ne2 Rc8 12. Ng5 c4 13. d4 b5 14. c3 Bb7 15. g4 h6 16. Nh3 a5 17. Ng3 Qd7 18. Qc2 f5 19. exf6 Rxf6 20. Rae1 Re8 21. f5 exf5 22. gxf5 g5 23. Nh5 Rxf5 24. Rxf5 Nxf5 25. Rxe8+ Qxe8 26. Bxd5+ Kh8 27. Qxf5 Qxh5 28. Qe6 Qd1+ 29. Be1 Bxd4+ 30. cxd4 Qxd4+ 31. Nf2 1-0

[Event "GER-ch U12"]
[Site "Willingen"]
[Date "2017.06.09"]
[Round "10"]
[White "Roessel, Gino"]
[Black "Stockmann, Till"]
[Result "1-0"]
[WhiteElo "1672"]
[BlackElo "1710"]
[PlyCount "59"]
[EventDate "2017.06.04"]
[EventType "swiss"]
[EventRounds "11"]
[EventCountry "GER"]
[SourceTitle "CBM 178 Extra"]
[Source "ChessBase"]
[SourceDate "2017.06.22"]
[SourceVersion "1"]
[SourceVersionDate "2017.06.22"]
[SourceQuality "1"]

1. e4 c5 2. Nf3 Nc6 3. Bb5 Nf6 4. Bxc6 bxc6 5. e5 Nd5 6. c4 Nb6 7. Qe2 g6 8. 0-0 Bg7 9. b3 0-0 10. Bb2 Re8 11. Re1 d5 12. d3 Bg4 13. h3 Bd7 14. Ba3 Be6 15. Bxc5 Nd7 16. Bd4 c5 17. Bb2 a5 18. Nbd2 d4 19. Ne4 Qb6 20. Ned2 a4 21. g4 Nb8 22. Ng5 Bc8 23. Qf3 Qc6 24. Qxf7+ Kh8 25. Qf3 Qa6 26. Qd5 Nd7 27. Nf7+ Kg8 28. Nh6+ Kh8 29. Qg8+ Rxg8 30. Nf7# 1-0

[Event "GER-ch U12"]
[Site "Willingen"]
[Date "2017.06.09"]
[Round "9"]
[White "Stockmann, Till"]
[Black "Weihrauch, Jakob"]
[Result "0-1"]
[WhiteElo "1710"]
[BlackElo "1959"]
[PlyCount "56"]
[EventDate "2017.06.04"]
[EventType "swiss"]
[EventRounds "11"]
[EventCountry "GER"]
[SourceTitle "CBM 178 Extra"]
[Source "ChessBase"]
[SourceDate "2017.06.22"]
[SourceVersion "1"]
[SourceVersionDate "2017.06.22"]
[SourceQuality "1"]

1. e4 c5 2. Nf3 Nc6 3. d4 cxd4 4. Nxd4 g6 5. Nc3 Bg7 6. Be3 Nf6 7. Bc4 Qa5 8. 0-0 0-0 9. Nb3 Qc7 10. f4 d6 11. Be2 Bd7 12. g4 Be6 13. Nd2 Qc8 14. g5 Ne8 15. h4 Nb4 16. Ndb1 d5 17. e5 f6 18. exf6 exf6 19. a3 Nc6 20. Bf3 d4 21. Bxc6 dxc3 22. Bd5 cxb2 23. Ra2 Nc7 24. Bb3 fxg5 25. fxg5 Rxf1+ 26. Kxf1 Bxb3 27. cxb3 Qh3+ 28. Ke2 Qg2+ 0-1

[Event "GER-ch U12"]
[Site "Willingen"]
[Date "2017.06.04"]
[Round "2"]
[White "Musiolik, David"]
[Black "Stockmann, Till"]
[Result "1/2-1/2"]
[WhiteElo "2004"]
[BlackElo "1710"]
[PlyCount "62"]
[EventDate "2017.06.04"]
[EventType "swiss"]
[EventRounds "11"]
[EventCountry "GER"]
[SourceTitle "CBM 178 Extra"]
[Source "ChessBase"]
[SourceDate "2017.06.22"]
[SourceVersion "1"]
[SourceVersionDate "2017.06.22"]
[SourceQuality "1"]

1. e4 c5 2. Nf3 Nc6 3. d4 cxd4 4. Nxd4 g6 5. Nc3 Bg7 6. Be3 Nf6 7. f3 0-0 8. Bc4 Qb6 9. 0-0 e5 10. Na4 Qb4 11. Nxc6 dxc6 12. Bb3 b6 13. Qe2 Bd7 14. Rfd1 Rac8 15. a3 Qe7 16. Rd2 Be6 17. Bxe6 Qxe6 18. Rad1 Kh8 19. Rd6 Qe7 20. Qd2 Nd5 21. Rxc6 Rxc6 22. exd5 Rd8 23. dxc6 Rxd2 24. Rxd2 Qc7 25. Rd7 Qc8 26. b4 Bf6 27. b5 e4 28. Rxf7 Qe6 29. c7 exf3 30. Kf2 fxg2 31. Kxg2 Qg4+ 1/2-1/2

[Event "GER-ch U12"]
[Site "Willingen"]
[Date "2017.06.04"]
[Round "1"]
[White "Stockmann, Till"]
[Black "Stillbauer, Jan"]
[Result "1-0"]
[WhiteElo "1710"]
[BlackElo "1448"]
[PlyCount "95"]
[EventDate "2017.06.04"]
[EventType "swiss"]
[EventRounds "11"]
[EventCountry "GER"]
[SourceTitle "CBM 178 Extra"]
[Source "ChessBase"]
[SourceDate "2017.06.22"]
[SourceVersion "1"]
[SourceVersionDate "2017.06.22"]
[SourceQuality "1"]

1. e4 e5 2. Nf3 Nc6 3. Bc4 Nf6 4. d4 exd4 5. Ng5 d5 6. exd5 Na5 7. Qxd4 Nxc4 8. Qxc4 Qxd5 9. Qe2+ Be6 10. 0-0 0-0-0 11. Nxe6 Qxe6 12. Qxe6+ fxe6 13. Nc3 Bc5 14. Re1 Rhe8 15. Be3 Bxe3 16. Rxe3 Rd2 17. Re2 Red8 18. Rae1 Rxe2 19. Rxe2 Nd5 20. Nxd5 Rxd5 21. f3 Kd7 22. Kf2 c6 23. Ke1 Kd6 24. Re3 Re5 25. Ke2 Rxe3+ 26. Kxe3 Ke5 27. g3 g5 28. c3 h6 29. b3 c5 30. a4 a5 31. g4 b6 32. c4 Kd6 33. Ke4 Kd7 34. Ke5 Ke7 35. h3 Kd7 36. f4 gxf4 37. Kxf4 Kd6 38. h4 Ke7 39. g5 h5 40. Ke4 Kd8 41. g6 Ke7 42. Ke5 Kf8 43. Kxe6 Kg7 44. Kf5 Kh6 45. Kf6 b5 46. g7 bxc4 47. g8Q cxb3 48. Qh8# 1-0

[Event "Bad Zwesten op 17th"]
[Site "Bad Zwesten"]
[Date "2017.01.05"]
[Round "6"]
[White "Stockmann, Till"]
[Black "Cherny, Andrey"]
[Result "0-1"]
[WhiteElo "1688"]
[BlackElo "2161"]
[PlyCount "82"]
[EventDate "2017.01.02"]
[EventType "swiss"]
[EventRounds "7"]
[EventCountry "GER"]
[SourceTitle "CBM 176 Extra"]
[Source "ChessBase"]
[SourceDate "2017.03.02"]
[SourceVersion "1"]
[SourceVersionDate "2017.03.02"]
[SourceQuality "1"]

1. e4 c5 2. Nf3 d6 3. d4 cxd4 4. Nxd4 Nf6 5. Nc3 a6 6. Be3 e5 7. Nf3 h6 8. Bc4 Be6 9. Bb3 Nbd7 10. 0-0 Rc8 11. h3 Be7 12. Qd2 b5 13. a3 Nc5 14. Bxc5 Rxc5 15. Rad1 0-0 16. Rfe1 Qc7 17. Nh4 Kh7 18. Qe3 g6 19. Bxe6 fxe6 20. Qg3 Rg8 21. Qe3 Nd7 22. Nf3 Nb6 23. Nd2 Bg5 24. Qe2 Bxd2 25. Qxd2 Nc4 26. Qc1 Nxa3 27. bxa3 Rxc3 28. Rd2 Qc5 29. Qd1 Rd8 30. Qg4 Qc8 31. Qd1 Qc7 32. Qg4 Qe7 33. Ra1 d5 34. exd5 exd5 35. Rad1 Rc5 36. Qb4 Qc7 37. Qb3 d4 38. Qf3 Kg7 39. Qg3 Rc3 40. Qh2 Qc5 41. Re1 Rd5 0-1

[Event "Bad Zwesten op 17th"]
[Site "Bad Zwesten"]
[Date "2017.01.02"]
[Round "1"]
[White "Stockmann, Till"]
[Black "Werner, Martin"]
[Result "1/2-1/2"]
[WhiteElo "1688"]
[BlackElo "2042"]
[PlyCount "77"]
[EventDate "2017.01.02"]
[EventType "swiss"]
[EventRounds "7"]
[EventCountry "GER"]
[SourceTitle "CBM 176 Extra"]
[Source "ChessBase"]
[SourceDate "2017.03.02"]
[SourceVersion "1"]
[SourceVersionDate "2017.03.02"]
[SourceQuality "1"]

1. e4 d5 2. exd5 Nf6 3. Nf3 Nxd5 4. d4 Bg4 5. Bc4 e6 6. 0-0 Be7 7. Re1 0-0 8. Nbd2 a6 9. c3 b5 10. Bd3 Nd7 11. Nf1 c5 12. Bc2 cxd4 13. cxd4 Rc8 14. Be4 N7f6 15. Ng3 Nxe4 16. Nxe4 Nb4 17. Nc3 Bxf3 18. gxf3 Bd6 19. Re4 Qf6 20. Rg4 Kh8 21. Bg5 Qf5 22. Ne4 Qd5 23. Nf6 Qf5 24. Ne4 Qd5 25. Qd2 f6 26. Nxd6 Qxd6 27. Bf4 Qe7 28. Kh1 Rc2 29. Qe3 Nd5 30. Qd3 Rfc8 31. Rag1 Nxf4 32. Rxf4 Qc7 33. Rh4 h6 34. Qg6 Rg8 35. Rg3 Rxf2 36. Kg1 Rxb2 37. Rxh6+ gxh6 38. Qxh6+ Qh7 39. Qxf6+ 1/2-1/2

[Event "GER-chT U10"]
[Site "Magdeburg"]
[Date "2015.12.28"]
[Round "3.1"]
[White "Kraft, Adrian"]
[Black "Stockmann, Till"]
[Result "1-0"]
[WhiteElo "1052"]
[BlackElo "1482"]
[PlyCount "82"]
[EventDate "2015.12.27"]
[EventType "team-swiss"]
[EventRounds "7"]
[EventCountry "GER"]
[SourceTitle "EXT 2017"]
[Source "ChessBase"]
[SourceDate "2016.10.25"]
[SourceVersion "1"]
[SourceVersionDate "2016.10.25"]
[SourceQuality "1"]
[WhiteTeam "Friedrichsfelde Borussia"]
[BlackTeam "Graefenhainichen"]
[WhiteTeamCountry "GER"]
[BlackTeamCountry "GER"]

1. e4 e5 2. Nf3 Nc6 3. Bc4 Bc5 4. Nc3 Nf6 5. d3 d6 6. h3 Be6 7. Bb3 a6 8. Nd5 Bxd5 9. Bxd5 Nxd5 10. exd5 Ne7 11. c4 Ng6 12. Qe2 0-0 13. 0-0 Qd7 14. a3 Rfe8 15. b4 Ba7 16. Ng5 Rab8 17. Bb2 Qf5 18. Ne4 Nf4 19. Qf3 Qg6 20. Bc1 Nh5 21. Bd2 f5 22. Ng5 f4 23. Ne4 Bd4 24. Bc3 Ng3 25. Nxg3 Bxc3 26. Rac1 fxg3 27. Rxc3 gxf2+ 28. Qxf2 Rf8 29. Qe2 Rxf1+ 30. Qxf1 Rf8 31. Qe2 b6 32. b5 a5 33. a4 Qg3 34. Qd2 Rf2 35. Qxf2 Qxf2+ 36. Kxf2 Kf7 37. Kf3 Kf6 38. Rc2 Kf5 39. Rf2 Kg5 40. Kg3 h5 41. h4+ Kg6 1-0

[Event "GER-chT U10"]
[Site "Magdeburg"]
[Date "2015.12.28"]
[Round "5.1"]
[White "Tomasini, Marius"]
[Black "Stockmann, Till"]
[Result "0-1"]
[WhiteElo "836"]
[BlackElo "1482"]
[PlyCount "50"]
[EventDate "2015.12.27"]
[EventType "team-swiss"]
[EventRounds "7"]
[EventCountry "GER"]
[SourceTitle "EXT 2017"]
[Source "ChessBase"]
[SourceDate "2016.10.25"]
[SourceVersion "1"]
[SourceVersionDate "2016.10.25"]
[SourceQuality "1"]
[WhiteTeam "Stadtilm Blau Weiss II"]
[BlackTeam "Graefenhainichen"]
[WhiteTeamCountry "GER"]
[BlackTeamCountry "GER"]

1. e4 e5 2. Nf3 Nc6 3. Nc3 Nf6 4. Bc4 Nxe4 5. Nxe4 d5 6. Bd3 dxe4 7. Bxe4 Bd6 8. 0-0 0-0 9. d3 Bg4 10. h3 Bh5 11. Qd2 Qf6 12. Ng5 Bg6 13. Bxg6 Qxg6 14. Ne4 Nd4 15. Qe3 Nxc2 16. Qd2 Nxa1 17. b3 f5 18. Nxd6 cxd6 19. Bb2 Nxb3 20. axb3 f4 21. f3 Rac8 22. d4 e4 23. fxe4 Qxe4 24. Re1 Qg6 25. Kh2 Rc2 0-1

[Event "GER-ch U10"]
[Site "Willingen"]
[Date "2015.05.26"]
[Round "5"]
[White "Pubantz, Jan"]
[Black "Stockmann, Till"]
[Result "1-0"]
[WhiteElo "1363"]
[BlackElo "1442"]
[PlyCount "35"]
[EventDate "2015.05.24"]
[EventType "swiss"]
[EventRounds "11"]
[EventCountry "GER"]
[SourceTitle "CBM 166 Extra"]
[Source "ChessBase"]
[SourceDate "2015.06.18"]
[SourceVersion "1"]
[SourceVersionDate "2015.06.18"]
[SourceQuality "1"]

1. e4 e5 2. Nf3 Nc6 3. Bc4 Bc5 4. b4 Bxb4 5. c3 Ba5 6. d4 exd4 7. 0-0 d6 8. Qb3 Qe7 9. e5 Nxe5 10. Nxe5 dxe5 11. Qb5+ c6 12. Qxa5 b5 13. Bb3 d3 14. Ba3 Qb7 15. Re1 f6 16. Qb4 Bf5 17. Qf8+ Kd7 18. Qxg7+ 1-0

[Event "GER-ch U10"]
[Site "Willingen"]
[Date "2015.05.25"]
[Round "3"]
[White "Krastev, Alexander"]
[Black "Stockmann, Till"]
[Result "1-0"]
[WhiteElo "1767"]
[BlackElo "1442"]
[PlyCount "67"]
[EventDate "2015.05.24"]
[EventType "swiss"]
[EventRounds "11"]
[EventCountry "GER"]
[SourceTitle "CBM 166 Extra"]
[Source "ChessBase"]
[SourceDate "2015.06.18"]
[SourceVersion "1"]
[SourceVersionDate "2015.06.18"]
[SourceQuality "1"]

1. e4 e5 2. Nf3 Nc6 3. Bc4 Bc5 4. c3 Nf6 5. d3 d6 6. Bb3 a6 7. Nbd2 Ba7 8. h3 0-0 9. Nf1 h6 10. Ne3 Kh8 11. g4 Nh7 12. Nf5 Be6 13. h4 Ne7 14. Qd2 Rg8 15. Qe2 Qd7 16. Bd2 Rae8 17. 0-0-0 b5 18. Rdg1 c5 19. Bxh6 Nxf5 20. gxf5 gxh6 21. fxe6 fxe6 22. Qd2 Ref8 23. Rxg8+ Kxg8 24. Rg1+ Kh8 25. Qxh6 Rf6 26. Qh5 c4 27. Ng5 Rf8 28. dxc4 Bxf2 29. Rd1 Be3+ 30. Kb1 Bxg5 31. hxg5 Kg8 32. Rh1 Qg7 33. cxb5 Nxg5 34. Rg1 1-0

[Event "GER-ch U10"]
[Site "Willingen"]
[Date "2015.05.24"]
[Round "2"]
[White "Stockmann, Till"]
[Black "Stahnecker, Hagen"]
[Result "1-0"]
[WhiteElo "1442"]
[BlackElo "1257"]
[PlyCount "123"]
[EventDate "2015.05.24"]
[EventType "swiss"]
[EventRounds "11"]
[EventCountry "GER"]
[SourceTitle "CBM 166 Extra"]
[Source "ChessBase"]
[SourceDate "2015.06.18"]
[SourceVersion "1"]
[SourceVersionDate "2015.06.18"]
[SourceQuality "1"]

1. e4 e5 2. Nf3 Nc6 3. Bc4 Be7 4. 0-0 Nf6 5. d3 d6 6. c3 0-0 7. Bb3 Be6 8. Nbd2 d5 9. Re1 dxe4 10. Nxe4 Nxe4 11. dxe4 Qxd1 12. Rxd1 Bxb3 13. axb3 Rad8 14. Be3 a6 15. Rd5 Bd6 16. Kf1 f5 17. Ng5 Rf6 18. exf5 Rxf5 19. Ne4 Be7 20. Rxd8+ Nxd8 21. Nc5 e4 22. Nxe4 g5 23. Rd1 Ne6 24. Rd7 Kf7 25. g3 Ke8 26. Rd1 g4 27. Kg2 Re5 28. Nd2 Bc5 29. Nc4 Rf5 30. Re1 Bxe3 31. Rxe3 Ke7 32. b4 b5 33. Ne5 Rg5 34. Re4 Kf6 35. Nxg4+ Kf5 36. f3 h5 37. Re5+ Kg6 38. Rxe6+ Kf7 39. Re5 Rxe5 40. Nxe5+ Kf6 41. Nd7+ Ke6 42. Nc5+ Ke5 43. Nxa6 c6 44. Nb8 Kd6 45. Nxc6 Kxc6 46. f4 Kd5 47. Kf3 Ke6 48. Ke4 Kf6 49. c4 bxc4 50. b5 Ke6 51. b6 Kd7 52. f5 Kc6 53. f6 Kxb6 54. f7 Kc7 55. f8Q h4 56. gxh4 c3 57. bxc3 Kc6 58. Qd8 Kb5 59. Qc8 Kb6 60. Kd5 Ka5 61. Qb7 Ka4 62. Qb4# 1-0

[Event "GER-ch U10"]
[Site "Magdeburg"]
[Date "2014.06.13"]
[Round "10"]
[White "Stockmann, Till"]
[Black "Limbach, Anna Lena"]
[Result "1-0"]
[WhiteElo "1162"]
[BlackElo "1091"]
[PlyCount "93"]
[EventDate "2014.06.08"]
[EventType "swiss"]
[EventRounds "11"]
[EventCountry "GER"]
[SourceTitle "CBM 160 Extra"]
[Source "ChessBase"]
[SourceDate "2014.07.01"]
[SourceVersion "1"]
[SourceVersionDate "2014.07.01"]
[SourceQuality "1"]

1. e4 e6 2. d4 d5 3. Nc3 Nf6 4. e5 Nfd7 5. Nf3 c5 6. Bg5 Be7 7. Bf4 Nc6 8. Bb5 cxd4 9. Nxd4 Nxd4 10. Qxd4 a6 11. Bd3 f6 12. 0-0 fxe5 13. Bxe5 Nxe5 14. Qxe5 0-0 15. Rad1 Bf6 16. Qg3 e5 17. Ne2 e4 18. Bxe4 Qe7 19. Bxd5+ Kh8 20. Nc3 Bh4 21. Qe3 Bxf2+ 22. Qxf2 Rxf2 23. Rxf2 Bg4 24. Rdf1 Rb8 25. Bxb7 a5 26. Kh1 Bh5 27. Bd5 h6 28. Be4 Rd8 29. Bd3 Kg8 30. Bc4+ Kh7 31. Nd5 Qe8 32. Nc3 Qc6 33. Bd3+ Bg6 34. Bb5 Qe6 35. a4 Qe3 36. Re2 Qg5 37. Ne4 Qh4 38. Bd3 Rd4 39. Nf6+ gxf6 40. Re7+ Kg8 41. Bxg6 f5 42. Ree1 Rd2 43. Bxf5 h5 44. Re3 Kh8 45. Rg3 Qc4 46. Bd3 Qxa4 47. Rf8# 1-0